Państwa wchodzące w skład Francji Napoleońskiej - Statystyki

Ogólne statystyki
  • Ten quiz został rozwiązany 105 razy
  • Średni wynik to 11 z 16
Statystyki odpowiedzi
Państwo % Poprawnych
Niemcy
93%
Hiszpania
91%
Włochy
89%
Belgia
88%
Francja
88%
Holandia
87%
Luksemburg
83%
Austria
81%
Szwajcaria
74%
Andora
61%
Monako
55%
Chorwacja
51%
Słowenia
48%
Malta
33%
Algieria
25%
Czarnogóra
15%
Nie znaleziono quizów pasujących do podanych kryteriów
Rozkład punktacji
Procent ludzi z każdym wynikiem
Percentyl według liczby udzielonych odpowiedzi
Twoja historia wyników
Nie rozwiązałeś tego quizu